Η Ελλάδα σε αναζήτηση έξυπνης άμυνας : διπλωματική εργασία [μεταπτυχιακή εργασία]
Saved in:
| Main Author: | |
|---|---|
| Corporate Author: | |
| Other Authors: | |
| Format: | Thesis Book |
| Language: | Greek |
| Published: |
2013
|
| Subjects: | |
| Online Access: | http://hdl.handle.net/11610/12313 |
| Tags: |
Add Tag
No Tags, Be the first to tag this record!
|
MARC
| LEADER | 00000cam a2200000 i 4500 | ||
|---|---|---|---|
| 001 | 1/41547 | ||
| 008 | 140206s2013 gre d | ||
| 035 | |l 10116586 | ||
| 040 | |a GR-MY-UA |b gre |e aacr | ||
| 041 | 0 | |a gre | |
| 082 | 0 | |a 355.4 |2 (22) | |
| 100 | 1 | |a Ντάκουλας, Θεόδωρος. | |
| 245 | 1 | 2 | |a Η Ελλάδα σε αναζήτηση έξυπνης άμυνας : |b διπλωματική εργασία [μεταπτυχιακή εργασία] / |c Θεόδωρος Ντάκουλας ; επιβλέπων: Τσάκωνας Παναγιώτης |
| 260 | |c 2013 | ||
| 300 | |a 60 σ.; |c 30 εκ. | ||
| 500 | |a Μέλη εξεταστικής επιτροπής: Κεφαλά Παρασκευή, Μαγκλιβέρας Κωνσταντίνος | ||
| 502 | |a Διατριβή (μεταπτυχιακή) – Πανεπιστήμιο Αιγαίου, Ρόδος, 2013. | ||
| 504 | |a Βιβλιογραφία: σ. 48-54 | ||
| 651 | 0 | |a Greece |x Military policy. | |
| 650 | 0 | 0 | |a Military policy |x Strategy. |
| 650 | 0 | 0 | |a Defensive (Military science) |
| 650 | 0 | 0 | |a Dissertations, Academic |z Greece. |
| 700 | 1 | |4 ths |a Τσάκωνας, Παναγιώτης Ι. | |
| 710 | 2 | |a Πανεπιστήμιο Αιγαίου |b Σχολή Ανθρωπιστικών Επιστημών |b Τμήμα Μεσογειακών Σπουδών |b Πρόγραμμα Μεταπτυχιακών Σπουδών Πολιτικές, Οικονομικές και Διεθνείς Σχέσεις στη Μεσόγειο. | |
| 852 | |a INST |b RHODES |c DIATR |e 20140206 |h 355.4 ΝΤΑ |p 005400036100 |q 005400036100 |t MTXE |y 23 | ||
| 852 | |a INST |b RHODES |c DIATR |e 20140206 |h 355.4 ΝΤΑ |p 005400036101 |q 005400036101 |t MTXE |y 23 | ||
| 856 | |u http://hdl.handle.net/11610/12313 | ||
| 901 | |a BIBL4-2014-1 | ||
| 909 | |a Ρ |b 182606 | ||
| 909 | |a Ρ |b 182607 | ||
| 924 | |a ΝΤΑΚΟΥΛΑΣ |b ΘΕΟΔΩΡΟΣ |y ΡΟΔΟΣ |z 2013-05 | ||
| 970 | |z 2014/02/06 | ||